000 00264nam a22001217a 4500
008 170526b xxu||||| |||| 00| 0 eng d
041 _aeng
080 _a66.0
100 _a25
101 _aIM
245 _aGAS-LIQUID REACTIONS
_cDANCKWETS, P.V
942 _2udc
_cBK
999 _c14377
_d14377